Click to Creation - Statistics

General Stats
  • This quiz has been taken 10 times
  • The average score is 6 of 15
Answer Stats
Hint Answer % Correct
Light Day 1
100%
Rest Day 7
89%
Sky Day 2
67%
Darkness Day 1
56%
Humans Day 6
56%
Sabbath Day 7
56%
Plants Day 3
33%
Insects Day 6
33%
Stars Day 4
22%
Birds Day 5
22%
Fish Day 5
22%
Land Day 3
11%
Sun Day 4
11%
Moon Day 4
11%
Cows Day 6
11%
No matching quizzes found
Score Distribution
Percent of People with Each Score
Percentile by Number Answered
Your Score History
You have not taken this quiz